000 00709nam a2200265Ia 4500
005 20260324153216.0
008 008 260324s9999 xx 000 0 eng d
020 _a9780124173187
037 _aEBOOK
040 _aCRL
040 _beng
040 _cCRL
041 _2eng
041 _aeng
084 _qCRL
100 _aPopa, Alexandru
_91230826
245 0 _aApplications of Quantum and Classical Connections In Modeling Atomic, Molecular and Electrodynamic Systems
260 _bElsevier
260 _c2013
650 _aPhysics and Astronomy
856 _uhttps://www.sciencedirect.com/science/book/9780124173187
942 _cEBOOK
999 _c1842179
_d1842179